<?xml version="1.0" encoding="UTF-8"?>
<record
    xmlns:xsi="http://www.w3.org/2001/XMLSchema-instance"
    xsi:schemaLocation="http://www.loc.gov/MARC21/slim http://www.loc.gov/standards/marcxml/schema/MARC21slim.xsd"
    xmlns="http://www.loc.gov/MARC21/slim">

  <leader>00448nam a22001697a 4500</leader>
  <controlfield tag="005">20260209122447.0</controlfield>
  <controlfield tag="008">260209b        |||||||| |||| 00| 0 eng d</controlfield>
  <datafield tag="020" ind1=" " ind2=" ">
    <subfield code="a">978-1-266-86755-2</subfield>
  </datafield>
  <datafield tag="100" ind1=" " ind2=" ">
    <subfield code="a">ANDERSON, DENISE</subfield>
  </datafield>
  <datafield tag="245" ind1=" " ind2=" ">
    <subfield code="a">NESTER'S MICROBIOLOGY</subfield>
    <subfield code="b">A HUMAN PERSPECTIVE</subfield>
  </datafield>
  <datafield tag="260" ind1=" " ind2=" ">
    <subfield code="a">NEW YORK</subfield>
    <subfield code="b">MCGRAW HILL</subfield>
    <subfield code="c">2024</subfield>
  </datafield>
  <datafield tag="300" ind1=" " ind2=" ">
    <subfield code="a">XXXV,821P.</subfield>
  </datafield>
  <datafield tag="500" ind1=" " ind2=" ">
    <subfield code="a">INCLUDES INDEX</subfield>
  </datafield>
  <datafield tag="650" ind1=" " ind2=" ">
    <subfield code="a">MICROBIOLOGY</subfield>
  </datafield>
  <datafield tag="700" ind1=" " ind2=" ">
    <subfield code="a">SALM, SARAH</subfield>
  </datafield>
  <datafield tag="942" ind1=" " ind2=" ">
    <subfield code="2">lcc</subfield>
    <subfield code="c">BK</subfield>
  </datafield>
  <datafield tag="999" ind1=" " ind2=" ">
    <subfield code="c">216567</subfield>
    <subfield code="d">216567</subfield>
  </datafield>
  <datafield tag="952" ind1=" " ind2=" ">
    <subfield code="0">0</subfield>
    <subfield code="1">0</subfield>
    <subfield code="2">lcc</subfield>
    <subfield code="4">0</subfield>
    <subfield code="6">QR00412 N47  02024</subfield>
    <subfield code="7">0</subfield>
    <subfield code="8">MED</subfield>
    <subfield code="9">375121</subfield>
    <subfield code="a">KSUL</subfield>
    <subfield code="b">KSUL</subfield>
    <subfield code="c">DISPLAY</subfield>
    <subfield code="d">2026-02-09</subfield>
    <subfield code="i">110832</subfield>
    <subfield code="l">1</subfield>
    <subfield code="o">QR 41.2 N47 2024</subfield>
    <subfield code="p">50948</subfield>
    <subfield code="r">2026-03-16 14:28:41</subfield>
    <subfield code="s">2026-03-03</subfield>
    <subfield code="t">1</subfield>
    <subfield code="w">2026-02-09</subfield>
    <subfield code="y">BK</subfield>
  </datafield>
  <datafield tag="952" ind1=" " ind2=" ">
    <subfield code="0">0</subfield>
    <subfield code="1">0</subfield>
    <subfield code="2">lcc</subfield>
    <subfield code="4">0</subfield>
    <subfield code="6">QR00412 N47  02024</subfield>
    <subfield code="7">0</subfield>
    <subfield code="8">MED</subfield>
    <subfield code="9">375122</subfield>
    <subfield code="a">KSUL</subfield>
    <subfield code="b">KSUL</subfield>
    <subfield code="c">DISPLAY</subfield>
    <subfield code="d">2026-02-09</subfield>
    <subfield code="i">110833</subfield>
    <subfield code="l">0</subfield>
    <subfield code="o">QR 41.2 N47 2024</subfield>
    <subfield code="p">50949</subfield>
    <subfield code="r">2026-02-09 12:34:00</subfield>
    <subfield code="t">2</subfield>
    <subfield code="w">2026-02-09</subfield>
    <subfield code="y">BK</subfield>
  </datafield>
  <datafield tag="952" ind1=" " ind2=" ">
    <subfield code="0">0</subfield>
    <subfield code="1">0</subfield>
    <subfield code="2">lcc</subfield>
    <subfield code="4">0</subfield>
    <subfield code="6">QR00412 N47  02024</subfield>
    <subfield code="7">0</subfield>
    <subfield code="8">MED</subfield>
    <subfield code="9">375123</subfield>
    <subfield code="a">KSUL</subfield>
    <subfield code="b">KSUL</subfield>
    <subfield code="c">DISPLAY</subfield>
    <subfield code="d">2026-02-09</subfield>
    <subfield code="i">110834</subfield>
    <subfield code="l">1</subfield>
    <subfield code="o">QR 41.2 N47 2024</subfield>
    <subfield code="p">50955</subfield>
    <subfield code="q">2026-06-25</subfield>
    <subfield code="r">2026-03-27 16:38:39</subfield>
    <subfield code="s">2026-03-27</subfield>
    <subfield code="t">3</subfield>
    <subfield code="w">2026-02-09</subfield>
    <subfield code="y">BK</subfield>
  </datafield>
  <datafield tag="952" ind1=" " ind2=" ">
    <subfield code="0">0</subfield>
    <subfield code="1">0</subfield>
    <subfield code="2">lcc</subfield>
    <subfield code="4">0</subfield>
    <subfield code="6">QR00412 N47  02024</subfield>
    <subfield code="7">0</subfield>
    <subfield code="8">MED</subfield>
    <subfield code="9">375124</subfield>
    <subfield code="a">KSUL</subfield>
    <subfield code="b">KSUL</subfield>
    <subfield code="c">DISPLAY</subfield>
    <subfield code="d">2026-02-09</subfield>
    <subfield code="i">110835</subfield>
    <subfield code="l">0</subfield>
    <subfield code="o">QR 41.2 N47 2024</subfield>
    <subfield code="p">50968</subfield>
    <subfield code="r">2026-02-09 12:34:00</subfield>
    <subfield code="t">4</subfield>
    <subfield code="w">2026-02-09</subfield>
    <subfield code="y">BK</subfield>
  </datafield>
  <datafield tag="952" ind1=" " ind2=" ">
    <subfield code="0">0</subfield>
    <subfield code="1">0</subfield>
    <subfield code="2">lcc</subfield>
    <subfield code="4">0</subfield>
    <subfield code="6">QR00412 N47  02024</subfield>
    <subfield code="7">0</subfield>
    <subfield code="8">MED</subfield>
    <subfield code="9">375125</subfield>
    <subfield code="a">KSUL</subfield>
    <subfield code="b">KSUL</subfield>
    <subfield code="c">DISPLAY</subfield>
    <subfield code="d">2026-02-09</subfield>
    <subfield code="i">110836</subfield>
    <subfield code="l">0</subfield>
    <subfield code="o">QR 41.2 N47 2024</subfield>
    <subfield code="p">50974</subfield>
    <subfield code="r">2026-02-09 12:34:00</subfield>
    <subfield code="t">5</subfield>
    <subfield code="w">2026-02-09</subfield>
    <subfield code="y">BK</subfield>
  </datafield>
</record>
